Name the TWICE member based of the keyword(s)! - Statistics

General Stats
  • This quiz has been taken 1,942 times
  • The average score is 9 of 9
Answer Stats
Hint Answer % Correct
leader Jihyo
99%
ballet Mina
99%
dancing machine Momo
99%
shy shy shy Sana
99%
maknae Tzuyu
99%
tofu Dahyun
98%
vocal queen Nayeon
98%
close friends with Jeon Somi Chaeyoung
97%
jokester Jeongyeon
96%
No matching quizzes found
Score Distribution
Percent of People with Each Score
Percentile by Number Answered
Your Score History
You have not taken this quiz